| 000 | 01265cad a22002415a 4500 | ||
|---|---|---|---|
| 001 | E146275 | ||
| 008 | 090105s2008 xxk f s000 0 eng d | ||
| 035 | _a(Sirsi) u146275 | ||
| 041 | 0 | _aeng | |
| 110 | 2 |
_aScotland _kLaws, etc |
|
| 245 | 0 | 4 |
_aThe Town and Country Planning (Schemes of Delegation and Local Review Procedure) (Scotland) Regulations 2008 _h[electronic resource] |
| 260 |
_aEdinburgh _bScottish Government _c2008 |
||
| 490 | 0 |
_aScottish Statutory Instrument _v2008: 433 |
|
| 520 | _aParts 1 and 2 come into force on 6 April 2009 and the remainder on 3 August 2009. These Regulations concern the preparation and content of schemes of delegation under the Town and Country Planning (Scotland) Act 1997 (c. 8) S43A(1), and the procedure for reviews under S43A(8) of the Act. | ||
| 521 | _aAdvanced | ||
| 590 | _aKA | ||
| 650 | 2 | 4 | _aTOWN AND COUNTRY PLANNING (SCHEMES OF DELEGATION AND LOCAL REVIEW PROCEDURE) (SCOTLAND) REGULATIONS 2008 |
| 650 | 2 | 4 | _aTOWN AND COUNTRY PLANNING (SCOTLAND) ACT 1997 S43A |
| 651 | 4 |
_aScotland _y1999- |
|
| 690 |
_aPlanning and development _96259 |
||
| 856 | 4 | 0 |
_uhttps://www.opsi.gov.uk/legislation/scotland/ssi2008/ssi_20080433_en_1 _zView the statutory instrument free of charge at www.opsi.gov.uk... |
| 942 | _n0 | ||
| 999 |
_c109092 _d109092 |
||